[Event "Bundesliga 9899"]
[Site "Deutschland"]
[Date "1999.02.21"]
[Round "11.8"]
[White "Schuh, Hubert"]
[Black "Langheinrich, Ferenc"]
[Result "1/2-1/2"]
[WhiteElo "2305"]
[BlackElo "2279"]
[PlyCount "27"]
[EventDate "1998.10.17"]
[EventType "team"]
[EventRounds "15"]
[EventCountry "GER"]
[SourceTitle "Bundesliga 9899"]
[Source "DeepChess"]
[SourceDate "2005.01.01"]
[SourceVersion "1"]
[SourceVersionDate "2005.01.01"]
[SourceQuality "1"]
[WhiteTeam "SK Zaehringen 1921"]
[BlackTeam "Erfurter SK"]
[WhiteTeamCountry "GER"]
[BlackTeamCountry "GER"]

1. d4 Nf6 2. c4 c5 3. dxc5 e5 4. Nc3 Bxc5 5. e3 O-O 6. Bd3 b6 7. Nge2 Bb7 8.
O-O d5 9. cxd5 Nxd5 10. Be4 Nxc3 11. Nxc3 Qxd1 12. Rxd1 Bxe4 13. Nxe4 Na6 14.
Bd2 1/2-1/2

[Event "Bundesliga 9899"]
[Site "Deutschland"]
[Date "1999.02.21"]
[Round "11.1"]
[White "Krasenkow, Michal"]
[Black "Ftacnik, Lubomir"]
[Result "1-0"]
[WhiteElo "2643"]
[BlackElo "2585"]
[PlyCount "69"]
[EventDate "1998.10.17"]
[EventType "team"]
[EventRounds "15"]
[EventCountry "GER"]
[SourceTitle "Bundesliga 9899"]
[Source "DeepChess"]
[SourceDate "2005.01.01"]
[SourceVersion "1"]
[SourceVersionDate "2005.01.01"]
[SourceQuality "1"]
[WhiteTeam "SG Bochum 31"]
[BlackTeam "Hamburger SK 1830 e.V."]
[WhiteTeamCountry "GER"]
[BlackTeamCountry "GER"]

1. Nf3 Nf6 2. c4 c5 3. Nc3 e6 4. e4 Nc6 5. g3 d5 6. e5 Ng4 7. cxd5 exd5 8. Bb5
Bd7 9. Bxc6 Bxc6 10. d4 h5 11. O-O Be7 12. h3 Nh6 13. e6 fxe6 14. Qe2 Nf5 15.
Qxe6 Nxd4 16. Nxd4 cxd4 17. Re1 Kf8 18. Ne2 Qd7 19. Qg6 Bb4 20. Rd1 Qf7 21. Qd3
Re8 22. Nxd4 Bd7 23. Nf3 Bf5 24. Qb3 Be7 25. Bg5 Bc5 26. Bf4 Rd8 27. Rac1 b6
28. Ng5 Qd7 29. Qf3 Kg8 30. b4 Bxb4 31. Rc7 Qe8 32. Rxd5 Qe1+ 33. Kg2 Rf8 34.
Rxf5 Rxf5 35. Rc8+ 1-0

[Event "Bundesliga 9899"]
[Site "Deutschland"]
[Date "1999.02.21"]
[Round "11.2"]
[White "Wahls, Matthias"]
[Black "Alterman, Boris"]
[Result "1/2-1/2"]
[WhiteElo "2605"]
[BlackElo "2615"]
[PlyCount "40"]
[EventDate "1998.10.17"]
[EventType "team"]
[EventRounds "15"]
[EventCountry "GER"]
[SourceTitle "Bundesliga 9899"]
[Source "DeepChess"]
[SourceDate "2005.01.01"]
[SourceVersion "1"]
[SourceVersionDate "2005.01.01"]
[SourceQuality "1"]
[WhiteTeam "Hamburger SK 1830 e.V."]
[BlackTeam "SG Bochum 31"]
[WhiteTeamCountry "GER"]
[BlackTeamCountry "GER"]

1. e4 e5 2. Nf3 Nf6 3. Nxe5 d6 4. Nf3 Nxe4 5. d4 d5 6. Bd3 Be7 7. O-O Nc6 8. c4
Nb4 9. Be2 O-O 10. Nc3 Bf5 11. a3 Nxc3 12. bxc3 Nc6 13. cxd5 Qxd5 14. Bf4 Na5
15. Bxc7 Rac8 16. Bxa5 Qxa5 17. c4 Bf6 18. Qb3 Qb6 19. Qxb6 axb6 20. Rfd1 Rfd8
1/2-1/2

[Event "Bundesliga 9899"]
[Site "Deutschland"]
[Date "1999.02.21"]
[Round "11.3"]
[White "Keitlinghaus, Ludger"]
[Black "Mueller, Karsten"]
[Result "1/2-1/2"]
[WhiteElo "2471"]
[BlackElo "2558"]
[PlyCount "40"]
[EventDate "1998.10.17"]
[EventType "team"]
[EventRounds "15"]
[EventCountry "GER"]
[SourceTitle "Bundesliga 9899"]
[Source "DeepChess"]
[SourceDate "2005.01.01"]
[SourceVersion "1"]
[SourceVersionDate "2005.01.01"]
[SourceQuality "1"]
[WhiteTeam "SG Bochum 31"]
[BlackTeam "Hamburger SK 1830 e.V."]
[WhiteTeamCountry "GER"]
[BlackTeamCountry "GER"]

1. e4 d5 2. exd5 Qxd5 3. Nc3 Qa5 4. g3 Nf6 5. Bg2 g6 6. d3 c6 7. h3 Bg7 8. Bd2
Qd8 9. Qc1 O-O 10. Bh6 Na6 11. Bxg7 Kxg7 12. Nf3 Be6 13. O-O Qd6 14. b3 Nc7 15.
Qb2 Kg8 16. Rae1 Rad8 17. Kh2 Rfe8 18. Qc1 Kg7 19. Qa1 Kg8 20. Qc1 Kg7 1/2-1/2

[Event "Bundesliga 9899"]
[Site "Deutschland"]
[Date "1999.02.21"]
[Round "11.4"]
[White "Heinemann, Thies"]
[Black "Schmittdiel, Eckhard"]
[Result "1-0"]
[WhiteElo "2483"]
[BlackElo "2483"]
[PlyCount "89"]
[EventDate "1998.10.17"]
[EventType "team"]
[EventRounds "15"]
[EventCountry "GER"]
[SourceTitle "Bundesliga 9899"]
[Source "DeepChess"]
[SourceDate "2005.01.01"]
[SourceVersion "1"]
[SourceVersionDate "2005.01.01"]
[SourceQuality "1"]
[WhiteTeam "Hamburger SK 1830 e.V."]
[BlackTeam "SG Bochum 31"]
[WhiteTeamCountry "GER"]
[BlackTeamCountry "GER"]

1. e4 c5 2. Nc3 Nc6 3. Nge2 Qb6 4. g3 g6 5. Nd5 Qa5 6. Bg2 Bg7 7. O-O Nf6 8. c3
O-O 9. Ne3 e6 10. f4 d5 11. e5 Nd7 12. c4 d4 13. Ng4 f5 14. exf6 Nxf6 15. Nxf6+
Rxf6 16. d3 Qc7 17. a3 Bd7 18. Bd2 a5 19. Kh1 Raf8 20. Ng1 g5 21. Qe2 gxf4 22.
Bxf4 e5 23. Bg5 Rxf1 24. Rxf1 Rxf1 25. Qxf1 Be6 26. Be4 h6 27. Bxh6 Bxh6 28.
Qf6 Bc1 29. Qxe6+ Qf7 30. Qc8+ Kg7 31. Bd5 Ne7 32. Qg4+ Qg6 33. Qd7 Kf8 34. Be4
Qb6 35. Nf3 Bxb2 36. a4 Bc1 37. Nxe5 Qf6 38. Nf3 b6 39. Kg2 Be3 40. h4 Ng6 41.
Bxg6 Qxg6 42. Ne5 Qh5 43. Qd8+ Kg7 44. Qe7+ Kg8 45. g4 1-0

[Event "Bundesliga 9899"]
[Site "Deutschland"]
[Date "1999.02.21"]
[Round "11.5"]
[White "Bosch, Jeroen"]
[Black "Hansen, Sune Berg"]
[Result "0-1"]
[WhiteElo "2480"]
[BlackElo "2520"]
[PlyCount "100"]
[EventDate "1998.10.17"]
[EventType "team"]
[EventRounds "15"]
[EventCountry "GER"]
[SourceTitle "Bundesliga 9899"]
[Source "DeepChess"]
[SourceDate "2005.01.01"]
[SourceVersion "1"]
[SourceVersionDate "2005.01.01"]
[SourceQuality "1"]
[WhiteTeam "SG Bochum 31"]
[BlackTeam "Hamburger SK 1830 e.V."]
[WhiteTeamCountry "GER"]
[BlackTeamCountry "GER"]

1. e4 c5 2. Nf3 Nc6 3. d4 cxd4 4. Nxd4 g6 5. c4 Bg7 6. Be3 Nf6 7. Nc3 d6 8. Be2
O-O 9. O-O Bd7 10. Qd2 Nxd4 11. Bxd4 Bc6 12. f3 a5 13. b3 Nd7 14. Be3 Nc5 15.
Rab1 Qb6 16. Rfc1 Rfc8 17. a3 Nxb3 18. Bxb6 Nxd2 19. Rb2 Nxc4 20. Bxc4 Bd7 21.
Bd5 Bxc3 22. Rbb1 Be5 23. Bxb7 Rxc1+ 24. Rxc1 Rb8 25. Rc7 Bc6 26. Bxc6 Rxb6 27.
g3 Bd4+ 28. Kg2 Rb2+ 29. Kh1 Rc2 30. Rc8+ Kg7 31. Bd7 Bc5 32. Ra8 Rc3 33. Rxa5
Rxf3 34. a4 Re3 35. Bc6 g5 36. g4 h5 37. gxh5 Kh6 38. Rb5 Re1+ 39. Kg2 g4 40.
Kg3 Kxh5 41. Rb2 Re3+ 42. Kg2 Kh4 43. Kf1 Ra3 44. Rc2 Kh3 45. e5 Ra1+ 46. Ke2
Kxh2 47. Kd3+ Kg3 48. Kc4 f5 49. Kd5 f4 50. Ke6 Re1 0-1

[Event "Bundesliga 9899"]
[Site "Deutschland"]
[Date "1999.02.21"]
[Round "11.6"]
[White "Michaelsen, Nils"]
[Black "Ellers, Holger"]
[Result "0-1"]
[WhiteElo "2440"]
[BlackElo "2417"]
[PlyCount "170"]
[EventDate "1998.10.17"]
[EventType "team"]
[EventRounds "15"]
[EventCountry "GER"]
[SourceTitle "Bundesliga 9899"]
[Source "DeepChess"]
[SourceDate "2005.01.01"]
[SourceVersion "1"]
[SourceVersionDate "2005.01.01"]
[SourceQuality "1"]
[WhiteTeam "Hamburger SK 1830 e.V."]
[BlackTeam "SG Bochum 31"]
[WhiteTeamCountry "GER"]
[BlackTeamCountry "GER"]

1. d4 e6 2. c4 Bb4+ 3. Nc3 c5 4. dxc5 Bxc3+ 5. bxc3 Na6 6. e4 Qa5 7. Ne2 Nxc5
8. f3 Ne7 9. Be3 b6 10. Bd4 f6 11. Nc1 d6 12. Be2 O-O 13. Nb3 Qa4 14. Be3 Qd7
15. O-O e5 16. Qd2 Rd8 17. Rfd1 Qc7 18. Bxc5 bxc5 19. Rab1 Be6 20. Na1 Rab8 21.
Nc2 Rxb1 22. Rxb1 Rb8 23. Rxb8+ Qxb8 24. Ne3 Kf7 25. Bd1 Bd7 26. Bb3 Bc6 27. h3
Ke8 28. Qc1 Kd8 29. Qa3 Qb6 30. Kh2 Kc7 31. Qc1 Kd7 32. Qa3 Ke6 33. Nd5 Bxd5
34. cxd5+ Kf7 35. Qa4 Qc7 36. Bc4 Nc8 37. Bb5 Ke7 38. Qa6 Kd8 39. Qa4 Nb6 40.
Qa6 Nd7 41. Qa4 Nb6 42. Qa3 Nd7 43. Qb3 Qb6 44. Qa4 Qc7 45. h4 Ke7 46. Ba6 Nb6
47. Qb3 Nd7 48. Bf1 Qb6 49. Qa4 Qb7 50. Ba6 Nb6 51. Qa3 Qd7 52. Qb2 Qe8 53. Be2
Qh5 54. g3 Qe8 55. Bb5 Qb8 56. Be2 Nd7 57. Qc2 Qb6 58. Bf1 Qa5 59. a4 Qb6 60.
Bb5 Nf8 61. Qe2 Qc7 62. h5 Kd8 63. f4 exf4 64. gxf4 Qe7 65. Kg3 g5 66. hxg6
hxg6 67. Kf3 g5 68. Bc6 Ng6 69. Qb5 Qc7 70. fxg5 fxg5 71. a5 Ne5+ 72. Kg2 Qc8
73. Kh2 Ke7 74. a6 Qg4 75. Qf1 Qxe4 76. Qh3 Qf4+ 77. Kg2 Qg4+ 78. Qxg4 Nxg4 79.
Kg3 Ne5 80. Bb5 Kd8 81. Kf2 Kc7 82. Ke3 Kb6 83. Be2 c4 84. Ke4 Kxa6 85. Kf5 Kb6
0-1

[Event "Bundesliga 9899"]
[Site "Deutschland"]
[Date "1999.02.21"]
[Round "11.7"]
[White "De Gleria, Francesco"]
[Black "Reeh, Oliver"]
[Result "1-0"]
[WhiteElo "2433"]
[BlackElo "2420"]
[PlyCount "87"]
[EventDate "1998.10.17"]
[EventType "team"]
[EventRounds "15"]
[EventCountry "GER"]
[SourceTitle "Bundesliga 9899"]
[Source "DeepChess"]
[SourceDate "2005.01.01"]
[SourceVersion "1"]
[SourceVersionDate "2005.01.01"]
[SourceQuality "1"]
[WhiteTeam "SG Bochum 31"]
[BlackTeam "Hamburger SK 1830 e.V."]
[WhiteTeamCountry "GER"]
[BlackTeamCountry "GER"]

1. e4 c5 2. Nf3 Nc6 3. Bb5 g6 4. O-O Bg7 5. Re1 Nf6 6. e5 Nd5 7. b3 O-O 8. Bb2
b6 9. Bxc6 dxc6 10. d3 Nc7 11. Nbd2 Ne6 12. Re4 Bb7 13. Qe2 Qc7 14. Re1 Rad8
15. Qe3 Rd5 16. Rh4 Bc8 17. Nb1 f5 18. exf6 exf6 19. Re4 Re8 20. Qc1 Rdd8 21.
Nbd2 Qf7 22. Qa1 g5 23. h3 h5 24. Nf1 Qg6 25. R4e2 Bd7 26. N3d2 h4 27. Nh2 Nf4
28. Rxe8+ Rxe8 29. Rxe8+ Bxe8 30. Ne4 f5 31. Nf6+ Bxf6 32. Bxf6 Nd5 33. Bb2 g4
34. hxg4 fxg4 35. Qe1 Bd7 36. Qe5 Kf7 37. Nf1 Qf6 38. Qh5+ Qg6 39. Qxh4 Nf4 40.
Ng3 Be6 41. Qd8 Qh6 42. c4 Qf8 43. Qg5 Ke8 44. Be5 1-0

[Event "Bundesliga 9899"]
[Site "Deutschland"]
[Date "1999.02.21"]
[Round "11.8"]
[White "Gustafsson, Jan"]
[Black "Backwinkel, Paul"]
[Result "0-1"]
[WhiteElo "2416"]
[BlackElo "2390"]
[PlyCount "58"]
[EventDate "1998.10.17"]
[EventType "team"]
[EventRounds "15"]
[EventCountry "GER"]
[SourceTitle "Bundesliga 9899"]
[Source "DeepChess"]
[SourceDate "2005.01.01"]
[SourceVersion "1"]
[SourceVersionDate "2005.01.01"]
[SourceQuality "1"]
[WhiteTeam "Hamburger SK 1830 e.V."]
[BlackTeam "SG Bochum 31"]
[WhiteTeamCountry "GER"]
[BlackTeamCountry "GER"]

1. d4 c5 2. d5 d6 3. e4 e5 4. Bb5+ Nd7 5. a4 a6 6. Be2 Be7 7. f4 exf4 8. Bxf4
Nf8 9. Nf3 Ng6 10. Bd2 Nf6 11. Nc3 O-O 12. O-O b6 13. Kh1 Nd7 14. Be3 Bf6 15.
Nd2 Nde5 16. Bg1 Re8 17. Bh5 Bd7 18. Ne2 b5 19. a5 Nc4 20. Nxc4 bxc4 21. Nc3
Rb8 22. Ra2 Bxc3 23. bxc3 Rxe4 24. Rxf7 Kxf7 25. Qf3+ Qf6 26. Qxe4 Qxc3 27.
Qf4+ Qf6 28. Qxc4 Rb1 29. Ra3 Bb5 0-1

[Event "Bundesliga 9899"]
[Site "Deutschland"]
[Date "1999.02.21"]
[Round "11.2"]
[White "Nielsen, Peter Heine"]
[Black "Kindermann, Stefan"]
[Result "1/2-1/2"]
[WhiteElo "2515"]
[BlackElo "2541"]
[PlyCount "43"]
[EventDate "1998.10.17"]
[EventType "team"]
[EventRounds "15"]
[EventCountry "GER"]
[SourceTitle "Bundesliga 9899"]
[Source "DeepChess"]
[SourceDate "2005.01.01"]
[SourceVersion "1"]
[SourceVersionDate "2005.01.01"]
[SourceQuality "1"]
[WhiteTeam "SV Wattenscheid 1930"]
[BlackTeam "SAbt SV Werder Bremen"]
[WhiteTeamCountry "GER"]
[BlackTeamCountry "GER"]

1. d4 Nf6 2. c4 g6 3. g3 Bg7 4. Bg2 O-O 5. Nf3 d6 6. O-O Nc6 7. Nc3 a6 8. b3
Rb8 9. Nd5 Ne4 10. Bb2 f5 11. Rc1 Bd7 12. e3 e6 13. Nc3 Nxc3 14. Bxc3 Ne7 15.
Re1 h6 16. c5 Bc6 17. Bb2 Qd7 18. Qe2 Nd5 19. Nd2 Nb4 20. Bxc6 Nxc6 21. cxd6
cxd6 22. Ba3 1/2-1/2

[Event "Bundesliga 9899"]
[Site "Deutschland"]
[Date "1999.02.21"]
[Round "11.3"]
[White "Knaak, Rainer"]
[Black "Hall, Jesper"]
[Result "0-1"]
[WhiteElo "2540"]
[BlackElo "2486"]
[PlyCount "110"]
[EventDate "1998.10.17"]
[EventType "team"]
[EventRounds "15"]
[EventCountry "GER"]
[SourceTitle "Bundesliga 9899"]
[Source "DeepChess"]
[SourceDate "2005.01.01"]
[SourceVersion "1"]
[SourceVersionDate "2005.01.01"]
[SourceQuality "1"]
[WhiteTeam "SAbt SV Werder Bremen"]
[BlackTeam "SV Wattenscheid 1930"]
[WhiteTeamCountry "GER"]
[BlackTeamCountry "GER"]

1. d4 Nf6 2. c4 e6 3. Nc3 Bb4 4. e3 c5 5. Nge2 cxd4 6. exd4 d5 7. c5 Ne4 8. Bd2
Nxd2 9. Qxd2 a5 10. a3 Bxc3 11. Nxc3 a4 12. Bd3 Bd7 13. O-O Nc6 14. Bc2 Ne7 15.
Rae1 O-O 16. Qd1 Qa5 17. Qd3 g6 18. h4 b6 19. c6 Bxc6 20. h5 Bd7 21. Qg3 Qa7
22. Qh4 f6 23. hxg6 hxg6 24. Qh6 f5 25. Re3 Rf7 26. Rh3 Rg7 27. Re1 Rc8 28. Bd3
Kf7 29. Qe3 Qa5 30. Qe5 Rd8 31. Bb5 Bc8 32. Bxa4 Qa7 33. Bb5 g5 34. Rh5 Ng6 35.
Qg3 g4 36. Bc6 Ba6 37. Rh6 Qb8 38. Qxb8 Rxb8 39. Nxd5 exd5 40. Bxd5+ Kf6 41. f4
gxf3 42. Re6+ Kg5 43. Rh3 Bb7 44. Bxb7 Rbxb7 45. Rxf3 Nh4 46. Rc3 Rge7 47. Rec6
Re4 48. d5 Rg4 49. g3 f4 50. Kh2 Ng6 51. d6 Rh7+ 52. Kg1 Rxg3+ 53. Rxg3+ fxg3
54. Rxb6 Nf4 55. Rb8 Kg4 0-1

[Event "Bundesliga 9899"]
[Site "Deutschland"]
[Date "1999.02.21"]
[Round "11.4"]
[White "Sjodahl, Pontus"]
[Black "Babula, Vlastimil"]
[Result "0-1"]
[WhiteElo "2420"]
[BlackElo "2565"]
[PlyCount "74"]
[EventDate "1998.10.17"]
[EventType "team"]
[EventRounds "15"]
[EventCountry "GER"]
[SourceTitle "Bundesliga 9899"]
[Source "DeepChess"]
[SourceDate "2005.01.01"]
[SourceVersion "1"]
[SourceVersionDate "2005.01.01"]
[SourceQuality "1"]
[WhiteTeam "SV Wattenscheid 1930"]
[BlackTeam "SAbt SV Werder Bremen"]
[WhiteTeamCountry "GER"]
[BlackTeamCountry "GER"]

1. d4 Nf6 2. c4 g6 3. Nc3 Bg7 4. e4 d6 5. f3 O-O 6. Be3 Nc6 7. Nge2 a6 8. Qd2
Rb8 9. Bh6 b5 10. h4 Bxh6 11. Qxh6 Nb4 12. O-O-O bxc4 13. Nf4 c5 14. dxc5 Nxa2+
15. Nxa2 Qa5 16. Bxc4 Qxc5 17. Nc3 Qxc4 18. h5 Qb3 19. Rd2 Be6 20. hxg6 Rfc8
21. gxh7+ Kh8 22. Rc2 Bd7 23. Nfe2 Rc4 24. Kb1 d5 25. g4 dxe4 26. g5 Nd5 27. g6
fxg6 28. Qxg6 Ne3 29. Rd2 Bf5 30. Nc1 Qxc3 31. Qg8+ Rxg8 32. hxg8=Q+ Kxg8 33.
bxc3 Rxc3 34. Rd8+ Kf7 35. f4 Nc4 36. Ne2 e3+ 37. Ka1 Ra3# 0-1

[Event "Bundesliga 9899"]
[Site "Deutschland"]
[Date "1999.02.21"]
[Round "11.5"]
[White "Meins, Gerlef"]
[Black "Holzke, Frank"]
[Result "1/2-1/2"]
[WhiteElo "2439"]
[BlackElo "2447"]
[PlyCount "55"]
[EventDate "1998.10.17"]
[EventType "team"]
[EventRounds "15"]
[EventCountry "GER"]
[SourceTitle "Bundesliga 9899"]
[Source "DeepChess"]
[SourceDate "2005.01.01"]
[SourceVersion "1"]
[SourceVersionDate "2005.01.01"]
[SourceQuality "1"]
[WhiteTeam "SAbt SV Werder Bremen"]
[BlackTeam "SV Wattenscheid 1930"]
[WhiteTeamCountry "GER"]
[BlackTeamCountry "GER"]

1. d4 Nf6 2. c4 g6 3. Nc3 d5 4. Bf4 Bg7 5. e3 c5 6. dxc5 Qa5 7. Rc1 dxc4 8.
Bxc4 O-O 9. Nf3 Qxc5 10. Bb3 Nc6 11. O-O Qa5 12. h3 Bf5 13. Qe2 Ne4 14. Nd5 e5
15. Rxc6 bxc6 16. Ne7+ Kh8 17. Nxc6 Qb6 18. Ncxe5 Be6 19. Bxe6 Qxe6 20. Qc2 f5
21. Qa4 Rac8 22. Qxa7 Ra8 23. Qb7 Qxa2 24. Nd4 Ra7 25. Qc6 Ra6 26. Qb7 Ra7 27.
Qc6 Ra6 28. Qb7 1/2-1/2

[Event "Bundesliga 9899"]
[Site "Deutschland"]
[Date "1999.02.21"]
[Round "11.6"]
[White "Koehn, Peter"]
[Black "Heissler, Jakob"]
[Result "0-1"]
[WhiteElo "2350"]
[BlackElo "2450"]
[PlyCount "82"]
[EventDate "1998.10.17"]
[EventType "team"]
[EventRounds "15"]
[EventCountry "GER"]
[SourceTitle "Bundesliga 9899"]
[Source "DeepChess"]
[SourceDate "2005.01.01"]
[SourceVersion "1"]
[SourceVersionDate "2005.01.01"]
[SourceQuality "1"]
[WhiteTeam "SV Wattenscheid 1930"]
[BlackTeam "SAbt SV Werder Bremen"]
[WhiteTeamCountry "GER"]
[BlackTeamCountry "GER"]

1. e4 c5 2. Nf3 e6 3. d3 Nc6 4. Nbd2 d6 5. g3 Nf6 6. Bg2 Be7 7. O-O O-O 8. Re1
Bd7 9. c3 Rc8 10. a3 b5 11. d4 cxd4 12. cxd4 e5 13. h3 Qb6 14. Nb3 a5 15. d5
Nd8 16. Be3 Qa6 17. Bd2 Nb7 18. Re3 Bd8 19. Qe1 Bb6 20. Rc3 a4 21. Rxc8 Rxc8
22. Nc1 Rc4 23. Nd3 Rxe4 24. Qd1 Rc4 25. Nb4 Qa7 26. Qe2 Na5 27. Be3 Ne4 28.
Nxe5 Bxe3 29. Nxc4 Bxf2+ 30. Kh2 Bxg3+ 31. Kh1 Nf2+ 32. Kg1 Nxc4 33. Nc6 Qb6
34. Bf3 g6 35. Kg2 Bh4 36. Kh2 Bg5 37. Kg3 Nxh3 38. Bg4 Nf4 39. Qe4 Bxg4 40.
Qe8+ Kg7 41. Kxg4 Qf2 0-1

[Event "Bundesliga 9899"]
[Site "Deutschland"]
[Date "1999.02.21"]
[Round "11.7"]
[White "Kachiani Gersinska, Ketino"]
[Black "Straeter, Timo"]
[Result "0-1"]
[WhiteElo "2439"]
[BlackElo "2313"]
[PlyCount "114"]
[EventDate "1998.10.17"]
[EventType "team"]
[EventRounds "15"]
[EventCountry "GER"]
[SourceTitle "Bundesliga 9899"]
[Source "DeepChess"]
[SourceDate "2005.01.01"]
[SourceVersion "1"]
[SourceVersionDate "2005.01.01"]
[SourceQuality "1"]
[WhiteTeam "SAbt SV Werder Bremen"]
[BlackTeam "SV Wattenscheid 1930"]
[WhiteTeamCountry "GER"]
[BlackTeamCountry "GER"]

1. d4 d5 2. c4 e5 3. dxe5 d4 4. Nf3 Nc6 5. g3 Nge7 6. Bg2 Ng6 7. Bg5 Qd7 8. Qa4
h6 9. Bf4 Nxf4 10. gxf4 Qg4 11. O-O Bd7 12. Qb3 Qxf4 13. Qxb7 Rb8 14. Qxc7 Rxb2
15. Nbd2 Be7 16. Rfb1 Bd8 17. Qd6 Be7 18. Qc7 Bd8 19. Qd6 Be7 20. Qd5 Rb6 21.
Rxb6 axb6 22. Nb3 Qg4 23. Nbxd4 Nxd4 24. Nxd4 O-O 25. h3 Qg5 26. Qxd7 Rd8 27.
Qc6 Rxd4 28. Qxb6 Qxe5 29. Rb1 Bd6 30. c5 Bxc5 31. Qb8+ Qxb8 32. Rxb8+ Kh7 33.
Ra8 Rd1+ 34. Bf1 Kg6 35. e3 h5 36. a4 h4 37. Kg2 Ra1 38. a5 Kf6 39. Kf3 Rxf1
40. Rc8 Bb4 41. a6 Ra1 42. Rc6+ Kf5 43. Rb6 Be1 44. Ke2 Bc3 45. Kd3 Be1 46. Ke2
g5 47. a7 Bc3 48. Rb7 f6 49. f3 Be5 50. Kd3 Ra4 51. Re7 Bd6 52. Rb7 Ke6 53. f4
gxf4 54. exf4 Bxf4 55. Rb4 Ra3+ 56. Ke4 Bd6 57. Rb7 Bc5 0-1

[Event "Bundesliga 9899"]
[Site "Deutschland"]
[Date "1999.02.21"]
[Round "11.8"]
[White "Franke, Johannes"]
[Black "Hedke, Fred"]
[Result "1/2-1/2"]
[WhiteElo "2270"]
[BlackElo "2359"]
[PlyCount "43"]
[EventDate "1998.10.17"]
[EventType "team"]
[EventRounds "15"]
[EventCountry "GER"]
[SourceTitle "Bundesliga 9899"]
[Source "DeepChess"]
[SourceDate "2005.01.01"]
[SourceVersion "1"]
[SourceVersionDate "2005.01.01"]
[SourceQuality "1"]
[WhiteTeam "SV Wattenscheid 1930"]
[BlackTeam "SAbt SV Werder Bremen"]
[WhiteTeamCountry "GER"]
[BlackTeamCountry "GER"]

1. e4 e5 2. Nc3 Nf6 3. Bc4 Nc6 4. d3 Be7 5. f4 d6 6. Nge2 O-O 7. O-O Na5 8. Bb3
c6 9. Qe1 Nxb3 10. axb3 exf4 11. Nxf4 Ng4 12. h3 Ne5 13. Be3 b6 14. Qf2 Bd7 15.
d4 Ng6 16. Nxg6 hxg6 17. Bf4 b5 18. d5 c5 19. e5 b4 20. Ne4 dxe5 21. Bxe5 Bf5
22. Ng3 1/2-1/2

[Event "Bundesliga 9899"]
[Site "Deutschland"]
[Date "1999.02.21"]
[Round "11.4"]
[White "Vaganian, Rafael A"]
[Black "Berndt, Stephan"]
[Result "1-0"]
[WhiteElo "2605"]
[BlackElo "2501"]
[PlyCount "147"]
[EventDate "1998.10.17"]
[EventType "team"]
[EventRounds "15"]
[EventCountry "GER"]
[SourceTitle "Bundesliga 9899"]
[Source "DeepChess"]
[SourceDate "2005.01.01"]
[SourceVersion "1"]
[SourceVersionDate "2005.01.01"]
[SourceQuality "1"]
[WhiteTeam "SG Porz e.V."]
[BlackTeam "SF Neukoelln 03 e.V."]
[WhiteTeamCountry "GER"]
[BlackTeamCountry "GER"]

1. Nf3 g6 2. e4 c5 3. d4 cxd4 4. Qxd4 Nf6 5. Bb5 a6 6. e5 axb5 7. exf6 Nc6 8.
Qd1 b4 9. O-O e6 10. c4 Qxf6 11. Nbd2 d5 12. Re1 Be7 13. cxd5 exd5 14. Nb3 O-O
15. Bg5 Qd6 16. Bxe7 Nxe7 17. Qd2 Nc6 18. Nfd4 Nxd4 19. Nxd4 Bd7 20. Nc2 b3 21.
axb3 Rxa1 22. Rxa1 Re8 23. Nd4 Qf6 24. Rd1 h5 25. h3 Re4 26. Ne2 Bc6 27. f3 Re8
28. Qd4 Kg7 29. Kf2 Qxd4+ 30. Nxd4 Ra8 31. Rc1 Kf6 32. Ke3 Ra6 33. h4 Ke5 34.
g4 hxg4 35. fxg4 Kd6 36. h5 gxh5 37. gxh5 Ra8 38. h6 Bd7 39. Kf4 Rh8 40. Rh1 f6
41. Rh5 Rh7 42. Nf5+ Ke6 43. Rh1 Kf7 44. Nd6+ Kg6 45. Nxb7 Rxh6 46. Rxh6+ Kxh6
47. Nc5 Bb5 48. b4 Kg7 49. Ke3 Kf7 50. Kd4 Ke7 51. Kxd5 f5 52. Ke5 f4 53. Kxf4
Kd6 54. Ke4 Kc6 55. Kd4 Bf1 56. Kc3 Kb5 57. Nb3 Kb6 58. Nd4 Ka6 59. Nc2 Kb6 60.
Ne3 Be2 61. Nc2 Bf1 62. Kb3 Be2 63. Ka3 Bd3 64. Ne3 Be2 65. Nd5+ Kc6 66. Nc3
Bf1 67. Ka4 Kb6 68. b5 Bg2 69. Kb4 Bf3 70. Na4+ Kb7 71. Ka5 Bg2 72. Nc5+ Ka7
73. b6+ Kb8 74. b4 1-0

[Event "Bundesliga 9899"]
[Site "Deutschland"]
[Date "1999.02.21"]
[Round "11.5"]
[White "Brynell, Stellan"]
[Black "Hansen, Curt"]
[Result "1/2-1/2"]
[WhiteElo "2489"]
[BlackElo "2608"]
[PlyCount "126"]
[EventDate "1998.10.17"]
[EventType "team"]
[EventRounds "15"]
[EventCountry "GER"]
[SourceTitle "Bundesliga 9899"]
[Source "DeepChess"]
[SourceDate "2005.01.01"]
[SourceVersion "1"]
[SourceVersionDate "2005.01.01"]
[SourceQuality "1"]
[WhiteTeam "SF Neukoelln 03 e.V."]
[BlackTeam "SG Porz e.V."]
[WhiteTeamCountry "GER"]
[BlackTeamCountry "GER"]

1. e4 g6 2. d4 Bg7 3. Nf3 d6 4. Be2 Nf6 5. Nc3 c5 6. d5 O-O 7. O-O Na6 8. h3
Nc7 9. a4 b6 10. Bf4 Bb7 11. Re1 a6 12. Bc4 Qd7 13. Qd3 Rad8 14. Rad1 Qc8 15.
Qe3 Rfe8 16. Bh6 e6 17. Bxg7 Kxg7 18. dxe6 Nxe6 19. Bd5 Nc7 20. Bxb7 Qxb7 21.
e5 dxe5 22. Rxd8 Rxd8 23. Qxe5 Qc6 24. Ne4 Re8 25. Qxf6+ Qxf6 26. Nxf6 Rxe1+
27. Nxe1 Kxf6 28. Kf1 Ne6 29. Ke2 c4 30. Ke3 Ke5 31. b4 cxb3 32. Nd3+ Kd5 33.
cxb3 Nc5 34. Nc1 h5 35. h4 f6 36. g3 g5 37. f3 a5 38. Kd2 Ke5 39. Ke3 Kd5 40.
Kd2 Ke5 41. Ke3 gxh4 42. gxh4 f5 43. f4+ Kd5 44. Ne2 Nxb3 45. Ng3 b5 46. axb5
a4 47. Nxf5 a3 48. Kd3 a2 49. Ne3+ Kc5 50. Nc2 Kxb5 51. Kc3 a1=Q+ 52. Nxa1 Nxa1
53. Kb2 Kc5 54. Kxa1 Kd5 55. Kb1 Ke4 56. Kc1 Kxf4 57. Kd1 Kg4 58. Ke1 Kxh4 59.
Kf1 Kg3 60. Kg1 h4 61. Kh1 h3 62. Kg1 h2+ 63. Kh1 Kh3 1/2-1/2